[Event "SVK-chT4 A22 1314"]
[Site "Slovakia"]
[Date "2014.01.26"]
[Round "7.4"]
[White "Ollos, Ladislav"]
[Black "Lukacovic, Miroslav"]
[Result "0-1"]
[WhiteElo "1820"]
[BlackElo "2003"]
[PlyCount "88"]
[EventDate "2013.10.06"]
[EventType "team-tourn"]
[EventRounds "11"]
[EventCountry "SVK"]
[SourceTitle "EXT 2015"]
[Source "ChessBase"]
[SourceDate "2014.11.20"]
[SourceVersion "1"]
[SourceVersionDate "2014.11.20"]
[SourceQuality "1"]
[WhiteTeam "Potonska Veza III"]
[BlackTeam "Sered MSK"]
[WhiteTeamCountry "SVK"]
[BlackTeamCountry "SVK"]

1. e4 e6 2. d4 d5 3. exd5 exd5 4. Bd3 Nc6 5. c3 Bd6 6. Nf3 Nge7 7. Bg5 f6 8. Bh4 Bg4 9. Nbd2 Qd7 10. Bg3 0-0-0 11. Bxd6 Qxd6 12. Qc2 Qe6+ 13. Kf1 Qf7 14. h3 Bh5 15. g4 Bg6 16. Re1 Bxd3+ 17. Qxd3 g5 18. Ke2 h5 19. Kd1 hxg4 20. hxg4 Rxh1 21. Rxh1 Qe6 22. Rg1 Rh8 23. Qe3 Qd7 24. Ne1 Ng6 25. Nd3 Nd8 26. f4 Re8 27. Qf3 Nh4 28. Qf2 Qa4+ 29. Kc1 Qa6 30. Nb4 Qb5 31. Qf1 Qd7 32. f5 a5 33. Nc2 Nf7 34. Rg3 Nd6 35. Re3 c6 36. b3 Rxe3 37. Nxe3 Qe7 38. Nc2 Kd7 39. c4 dxc4 40. bxc4 Ne4 41. Qe2 Nc3 42. Qxe7+ Kxe7 43. Kb2 Ne2 44. Ne3 Nxd4 0-1

[Event "SVK-ch U16"]
[Site "Brezova pod Bradlom"]
[Date "2006.03.08"]
[Round "7"]
[White "Andras, Tomas"]
[Black "Ollos, Ladislav"]
[Result "0-1"]
[WhiteElo "1820"]
[BlackElo "1650"]
[PlyCount "72"]
[EventDate "2006.03.05"]
[EventType "swiss"]
[EventRounds "9"]
[EventCountry "SVK"]
[SourceTitle "EXT 2008"]
[Source "ChessBase"]
[SourceDate "2007.11.25"]
[SourceVersion "1"]
[SourceVersionDate "2007.11.25"]
[SourceQuality "1"]

1. e4 e6 2. d4 d5 3. Nd2 Nf6 4. e5 Nfd7 5. Bd3 c5 6. c3 Nc6 7. Ngf3 Qb6 8. 0-0 cxd4 9. cxd4 Nxd4 10. Nxd4 Qxd4 11. Nf3 Qb6 12. Be3 Bc5 13. Bxc5 Nxc5 14. Rc1 Bd7 15. Bb1 h6 16. Nd4 0-0 17. Kh1 f6 18. Nf3 Rac8 19. b3 Bb5 20. Re1 Nd7 21. a4 Rxc1 22. Qxc1 Bc6 23. Qc2 f5 24. Nh4 Qb4 25. Nf3 d4 26. Nd2 Be4 27. Qd1 Bxb1 28. Nxb1 Nc5 29. Nd2 Rd8 30. Kg1 Qc3 31. Nc4 Qxb3 32. Qxb3 Nxb3 33. Nd6 Rd7 34. f4 d3 35. Rd1 d2 36. Kf2 Rc7 0-1